000 00949nac a22002777a 4500
001 BR7602006
003 BR-BrBNA
005 20240105113934.0
008 230509b bl.|||m| |||| 00| 0 por d
040 _aBR-BrBNA
_bpor
_cBiblioteca Nacional de Agricultura
072 _aM10
090 _a8150 BR7602006
110 1 _aPrograma de Pesquisa e Desenvolvimento Pesqueiro do Brasil, Brasilia, DF
_97975
245 1 _aNavio de pesquisa Diadorim. Mapas de bordo [Peixe marinho; Crustaceo; Molusco; Captura; Parana; Santa Catarina; Brasil]
260 3 _aBrasilia, DF (Brasil):
_c1976.
300 _a9 p.
490 _aNavio de Pesquisa Diadorim. Mapas de Bordo (Brazil)
_vno. 9
_x
500 _aNumerical data; Summaries (En, Pt)
650 _aPRODUCAO PESQUEIRA
650 _aPEIXE MARINHO
650 _aCAPTURA
650 _aPARANA
650 _aSANTA CATARINA
909 _a202312
_bLúcia Elande
_c55
_dLúcia Elande
942 _2AGRIS
_n0
_cMS
999 _c266461
_d266461